| 000 | 00723nam a2200241 a 4500 | ||
|---|---|---|---|
| 001 | 51297 | ||
| 003 | BD-RjUL | ||
| 005 | 20211209075635.0 | ||
| 008 | 720830s1961 maua 000 0 eng | ||
| 035 | _a(BD-RjUL)51417 | ||
| 040 |
_aDLC _cKSU _dOCL _dUKM _dBD-RjUL _beng |
||
| 041 | _aeng | ||
| 082 |
_a515.9 _223 _bNEI 1961 |
||
| 100 | 1 |
_aNehari, Zeev, _d1915-1978. _9153421 |
|
| 245 | 0 | 0 |
_aIntroduction to complex analysis / _cZeev Nehari |
| 260 |
_aBoston : _bAllyn and Bacon, _cc1961 |
||
| 300 |
_a258 p. : _bill. ; _c24 cm. |
||
| 490 | 1 | _aCollege mathematics series | |
| 500 | _aIncludes index. | ||
| 650 | 0 |
_aFunctions of complex variables. _9153422 |
|
| 830 | 0 |
_aCollege mathematics series. _9151206 |
|
| 942 |
_2ddc _cBK |
||
| 999 |
_c51297 _d51297 |
||